|
|
|
|
| LEADER |
01274nam a2200325 a 4500 |
| 001 |
39104 |
| 003 |
BD-DhAAL |
| 005 |
20220719150842.0 |
| 008 |
220719t19841982nyua b 001 0 eng d |
| 999 |
|
|
|c 44596
|d 44596
|
| 010 |
|
|
|a 83012442
|
| 020 |
|
|
|a 0446378445 (pbk.)
|
| 020 |
|
|
|a 0446378453 (pbk.)
|
| 040 |
|
|
|a DLC
|c DLC
|d DLC
|d BD-DhAAL
|
| 043 |
|
|
|a n-us---
|
| 050 |
1 |
0 |
|a HD70.U5
|b P424 1984
|
| 082 |
0 |
0 |
|a 658.00973
|2 19
|
| 100 |
1 |
|
|a Peters, Thomas J.
|9 49985
|
| 245 |
1 |
0 |
|a In search of excellence :
|b lessons from America's best-run companies /
|c Thomas J. Peters and Robert H. Waterman, Jr.
|
| 250 |
|
|
|a Warner Books edition
|
| 260 |
|
|
|a New York, NY :
|b Warner Books,
|c 1984, c1982.
|
| 300 |
|
|
|a xxiv, 360 pages :
|b illustrations ;
|c 20 cm.
|
| 504 |
|
|
|a Includes bibliographical references (pages [327]-349) and index.
|
| 541 |
|
|
|a Donated By Akbar Ali Khan
|e 39104
|
| 650 |
|
0 |
|a Industrial management
|z United States.
|9 49986
|
| 650 |
|
0 |
|a Management.
|9 49987
|
| 700 |
1 |
|
|a Waterman, Robert H.
|9 49988
|
| 852 |
|
|
|a Ayesha Abed Library
|c Akbar Ali Khan Collection
|
| 942 |
|
|
|2 ddc
|c BK
|
| 952 |
|
|
|0 0
|1 0
|2 ddc
|4 0
|6 658_009730000000000_PET
|7 1
|9 71288
|a BRACUL
|b BRACUL
|c AAKC
|d 2022-07-19
|e Donated by Akbar Ali Khan
|l 0
|o 658.00973 PET
|p 3010039104
|r 2022-07-19
|t 1
|w 2022-07-19
|y BK
|